Figure Out the Lyrics: I Wanna Be a Movie Star Quiz Stats

 Plays Quiz not verified by Sporcle

Support Sporcle.
Go Orange.
Score 0/179 Timer 07:00
0 Plays Today
% Correct
I
100%
I
100%
I
100%
I
100%
I
100%
I
100%
a
85.7%
a
85.7%
a
85.7%
a
85.7%
a
85.7%
a
85.7%
a
85.7%
And
85.7%
And
85.7%
a
85.7%
a
85.7%
a
85.7%
a
85.7%
you
71.4%
you
71.4%
you
71.4%
you
71.4%
you
71.4%
you
71.4%
you
71.4%
you
71.4%
you
71.4%
you
71.4%
wanna
57.1%
be
57.1%
movie
57.1%
star
57.1%
in
57.1%
wanna
57.1%
be
57.1%
movie
57.1%
star
57.1%
in
57.1%
wanna
57.1%
be
57.1%
movie
57.1%
star
57.1%
wanna
57.1%
be
57.1%
movie
57.1%
star
57.1%
it
57.1%
be
57.1%
movie
57.1%
star
57.1%
be
57.1%
movie
57.1%
star
57.1%
be
57.1%
movie
57.1%
star
57.1%
be
57.1%
movie
57.1%
star
57.1%
% Correct
Do
42.9%
ever
42.9%
feel
42.9%
do
42.9%
ever
42.9%
get
42.9%
that's
42.9%
just
42.9%
what
42.9%
you're
42.9%
to
42.9%
do
42.9%
Do
42.9%
have
42.9%
Do
42.9%
what
42.9%
you're
42.9%
Do
42.9%
ever
42.9%
make
42.9%
Do
42.9%
ever
42.9%
have
42.9%
that's
42.9%
just
42.9%
what
42.9%
you're
42.9%
to
42.9%
do
42.9%
we
42.9%
can
42.9%
go
42.9%
out
42.9%
would
42.9%
rather
42.9%
stay
42.9%
wants
42.9%
more
42.9%
than
42.9%
just
42.9%
know
42.9%
you're
42.9%
who
42.9%
are
42.9%
know
42.9%
but
42.9%
we've
42.9%
come
42.9%
so
42.9%
far
42.9%
Do
42.9%
like
42.9%
to
42.9%
Do
42.9%
love
42.9%
to
42.9%
that's
42.9%
just
42.9%
what
42.9%
you're
42.9%
% Correct
to
42.9%
do
42.9%
we
42.9%
out
42.9%
we
42.9%
we
42.9%
can
42.9%
just
42.9%
go
42.9%
back
42.9%
home
42.9%
I'm
42.9%
gonna
42.9%
I'm
42.9%
gonna
42.9%
I'm
42.9%
gonna
42.9%
I'm
42.9%
gonna
42.9%
Or
42.9%
bad
28.6%
sad
28.6%
Maybe
28.6%
supposed
28.6%
nice
28.6%
car
28.6%
live
28.6%
cool
28.6%
house
28.6%
Nobody
28.6%
knows
28.6%
going
28.6%
through
28.6%
plans
28.6%
sex
28.6%
Maybe
28.6%
supposed
28.6%
Maybe
28.6%
Everyone
28.6%
friend
28.6%
probably
28.6%
wondering
28.6%
might
28.6%
seem
28.6%
lonely
28.6%
wear
28.6%
pants
28.6%
fly
28.6%
planes
28.6%
Maybe
28.6%
supposed
28.6%
Maybe
28.6%
should
28.6%
sell
28.6%
Maybe
28.6%
could
28.6%
buy
28.6%
gold
28.6%
Maybe
28.6%

You're not logged in!

Compare scores with friends on all Sporcle quizzes.
OR
Log In

From the Vault

First Letters of Irish Cities

by MrWhiplash

With how quickly attention spans are dropping, people will probably start only remembering first letters.
Remove Ads.
Support Sporcle.
Get the best of Sporcle when you Go Orange. This ad-free experience offers more features, more stats, and more fun while also helping to support Sporcle. Thank you for becoming a member.

Show Comments

Extras

Top Quizzes Today


Score Distribution

Your Account Isn't Verified!

In order to create a playlist on Sporcle, you need to verify the email address you used during registration. Go to your Sporcle Settings to finish the process.

Report this User

Report this user for behavior that violates our Community Guidelines.

Details: